La penetración imperialista en la investigación en la Universidad de Costa Rica

Збережено в:
Бібліографічні деталі
Автор: Coronado M, Emilia
Формат: Текст
Опубліковано: San José :
Теги: Додати тег
Немає тегів, Будьте першим, хто поставить тег для цього запису!

MARC

LEADER 00000 a a2200000 04500
001 14767
003
040
090 |a 022300  
100 |a Coronado M, Emilia  
245 |a La penetración imperialista en la investigación en la Universidad de Costa Rica  
260 |a San José :  
300 |a 6 p.  
999 |c 14826  |d 14826